000 00296nam a2200109Ia 4500
008 190914s9999||||xx |||||||||||||| ||und||
100 _aJinnah Rafi Foundation
245 0 _aChronicles of Jinnah Rafi Foundation 2017
260 _aLahore
_bJinnah Rafi Foundation
_c2004
300 _a860
942 _cBK
999 _c8838
_d8838